| 000 | 00000nam 2200000zi 4500 |
| 001 | 9.946748 |
| 003 | CaOODSP |
| 005 | 20250121091805 |
| 006 | m o d f |
| 007 | cr bn||||||||| |
| 008 | 250110s1965 onca ofu f001 0 fre d |
| 040 | |aCaOODSP|bfre|erda|cCaOODSP |
| 043 | |an-cn--- |
| 086 | 1 |aNR24-28/1965-4F-PDF |
| 100 | 1 |aWaller, D. H., |eauteur. |
| 245 | 10|aManuel d'esquisses de plomberie 1965 : |bsupplément no 4 au Code national du bâtiment (Canada) / |cpréparé par D.H. Waller ; publié par le Comité associé sur le Code national du bâtiment. |
| 246 | 10|aSupplément no 4 au Code national du bâtiment (Canada) |
| 264 | 1|aOttawa, Canada : |bConseil national de recherches, |c1965. |
| 300 | |a1 ressource en ligne (1 volume (pagination multiple)) : |billustrations |
| 336 | |atexte|btxt|2rdacontent/fre |
| 337 | |ainformatique|bc|2rdamedia/fre |
| 338 | |aressource en ligne|bcr|2rdacarrier/fre |
| 500 | |aComprend un index. |
| 500 | |aPublié aussi en anglais sous le titre : Handbook of plumbing sketches 1965 : supplement no. 4 to the National Building Code of Canada. |
| 520 | |a« Le présent Supplément est publié pour les utilisateurs de la Partie 7 du Code national du bâtiment. Les références qui s'y trouvent se rapportent à l'édition de 1965. Le contenu du supplément No 4 a été vérifié par le Comité de révision des services de plomberie et approuvé par ce Comité comme étant une interprétation exacte des objectifs de la réglementation » -- Introduction. |
| 650 | 6|aConstruction|xDroit|zCanada|vCodes. |
| 650 | 6|aConstructions|xNormes|zCanada. |
| 650 | 6|aPlomberie|xDroit|zCanada. |
| 650 | 6|aPlomberie|zCanada|vGuides, manuels, etc. |
| 655 | 7|aGuides et manuels|2rvmgf |
| 710 | 2 |aConseil national de recherches Canada. |bComité associé sur le Code national du bâtiment, |eorganisme de publication. |
| 775 | 08|tHandbook of plumbing sketches 1965 : |w(CaOODSP)9.946627 |
| 856 | 40|qPDF|s1.49 Mo|uhttps://publications.gc.ca/collections/collection_2025/cnrc-nrc/NR24-28-1965-4-fra.pdf |
| 986 | |a8332-F |